University Home | Library Home | Institutional Repository

Logic / (Record no. 204173)

MARC details
000 -LEADER
fixed length control field 00749cam2a220027700 4500
001 - CONTROL NUMBER
control field lce00481207
008 - FIXED-LENGTH DATA ELEMENTS--GENERAL INFORMATION
fixed length control field 790118s1977 enka b 001 0 eng
010 ## - LIBRARY OF CONGRESS CONTROL NUMBER
LC control number 78324339
015 ## - NATIONAL BIBLIOGRAPHY NUMBER
National bibliography number GB78-05753
020 ## - INTERNATIONAL STANDARD BOOK NUMBER
Terms of availability L.1.25
035 ## - SYSTEM CONTROL NUMBER
System control number (Sirsi) r46578
035 ## - SYSTEM CONTROL NUMBER
System control number (DLC) 78324339
035 ## - SYSTEM CONTROL NUMBER
System control number (UPRA)lce00481207
040 ## - CATALOGING SOURCE
Modifying agency UPRA
050 0# - LIBRARY OF CONGRESS CALL NUMBER
Classification number BC108
Item number .H58
082 ## - DEWEY DECIMAL CLASSIFICATION NUMBER
Classification number 160
100 1# - MAIN ENTRY--PERSONAL NAME
Personal name Hodges, Wilfrid.
Linkage A4501.1
245 10 - TITLE STATEMENT
Title Logic /
Statement of responsibility, etc. by Wilfrid Hodges.
260 ## - PUBLICATION, DISTRIBUTION, ETC.
Place of publication, distribution, etc. Harmondsworth ; New York :
-- Harmondsworth ; New York :
Name of publisher, distributor, etc. Penguin,
Date of publication, distribution, etc. 1977.
500 ## - GENERAL NOTE
General note Includes index.
504 ## - BIBLIOGRAPHY, ETC. NOTE
Bibliography, etc. note Bibliography: p. 325.
650 #0 - SUBJECT ADDED ENTRY--TOPICAL TERM
Topical term or geographic name entry element Logic.
Linkage S3124.1
949 ## - LOCAL PROCESSING INFORMATION (OCLC)
a BC108
w lcc
m MAIN
t BOOK
l ON-SHELF
987 ## - LOCAL ROMANIZATION/CONVERSION HISTORY (OCLC)
Romanization/conversion identifier WITHDRAWN.

No items available.

© 2026 - The University of Zambia Library - Koha v25.11